书目信息 |
| 书名: | BRILLIANT BLACKBERRY APPS FOR DUMMIES | |
| 作者: | Corey Sandler | |
| 分册号: | ||
| 分册名: | 出版地: | America |
|
| 出版社: | Wiley Publishing,Inc | |
| 出版时间: | 2011 | |
| 页数: | 227p | |
| 开本: | 24cm | |
| 丛书名: | ||
| 中图分类号: | ||
| 科图分类号: | ||
| 其他分类号: | TN929.53 | |
| 主题词: | ||
| 电子资源: | ||
| 000 | 00415nam0 2200145 450 | |
| 001 | 202012002970 | |
| 005 | 20121202090806.0 | |
| 008 | 12120201s | |
| 020 | @a9780470903025@c$18.99 | |
| 099 | @dTN929.53@eC7978 | |
| 245 | 10 | @aBRILLIANT BLACKBERRY APPS FOR DUMMIES@cCorey Sandler |
| 260 | 0 | @aAmerica@bWiley Publishing,Inc@c2011 |
| 300 | @a227p@c24cm | |
| 905 | @b13992-3 | |
| 905 | @aTSG@dTN929.53@eC7978 | |
| BRILLIANT BLACKBERRY APPS FOR DUMMIES / Corey Sandler .-America : Wiley Publishing,Inc , 2011 |
| 227p ; 24cm |
| ISBN 9780470903025$18.99 |
| ● |
| 相关链接 |
|
|
|
正题名:BRILLIANT BLACKBERRY APPS FOR DUMMIES
索取号:TN929.53/C7978
 
预约/预借
| 序号 | 登录号 | 条形码 | 馆藏地/架位号 | 状态 | 备注 |
| 1 | 13992 | 300139927 | 自科库301/400A自科库 7排1列3层/ [索取号:TN929.53/C7978] | 在馆 | |
| 2 | 13993 | 300139936 | 自科库301/400A自科库 6排2列5层/ [索取号:TN929.53/C7978] | 在馆 |